[Event "13th Sants Open"]
[Site "Barcelona ESP"]
[Date "2011.08.25"]
[Round "7"]
[White "Cuartas,Ja"]
[Black "Jimenez Fraga,P"]
[Result "0-1"]
[WhiteElo "2542"]
[BlackElo "2464"]

1.e4 c5 2.Nf3 d6 3.Bb5+ Nd7 4.d4 cxd4 5.Qxd4 a6 6.Bxd7+ Bxd7 7.Bg5 h6 8.Bh4 Nf6
9.Nc3 g5 10.Bg3 Bg7 11.O-O O-O 12.Qd3 Rc8 13.Nd4 Qb6 14.Nb3 Be6 15.Rfe1 Nh5
16.Rad1 Rc7 17.e5 Nxg3 18.exd6 Rxc3 19.bxc3 Nf5 20.dxe7 Nxe7 21.c4 Nc6 22.c5 Qb5
23.Qe4 a5 24.a4 Qb4 25.Rb1 Rd8 26.h3 Bc3 27.Re3 Nd4 28.Rd3 Bf5 29.Qe7 Rf8
30.Nd2 Bxd3 31.cxd3 Bxd2 32.Rxb4 axb4 33.Qxb7 b3 34.c6 Nxc6 35.Qxb3 Rb8 36.Qc2 Bf4
37.g3 Nd4 38.Qc4 Be5 39.a5 Ne6 40.Kf1 Bd4 41.f3 h5 42.Ke1 Rb2 43.a6 Be3 44.Qe4 Nd4
45.Kf1 Rf2+ 46.Ke1 Rg2 47.Qe8+ Kg7 48.Qe5+ Kh7 49.Qe4+ Kh6  0-1

[Event "XVI Seahorse Open A"]
[Site "Rewal POL"]
[Date "2011.08.25"]
[Round "6"]
[White "Korosciel,A"]
[Black "Tomaszewska,L"]
[Result "1-0"]
[WhiteElo "2066"]
[BlackElo "1993"]

1.e4 c5 2.Nf3 d6 3.Bb5+ Bd7 4.Bxd7+ Qxd7 5.O-O Nc6 6.c3 Nf6 7.Re1 e6 8.d3 Be7
9.Nbd2 O-O 10.Nf1 d5 11.e5 Ne8 12.Qe2 b5 13.b3 Nc7 14.Bb2 f6 15.exf6 Bxf6
16.d4 b4 17.Rad1 bxc3 18.Bxc3 Rae8 19.Ng3 Qf7 20.Bb2 Nxd4 21.Nxd4 Bxd4 22.Bxd4 cxd4
23.Rxd4 e5 24.Rd2 e4 25.Qe3 a6 26.Qc5 Qf4 27.Rc2 Rf7 28.Ne2 Qf6 29.Nc3 e3
30.fxe3 d4 31.Nd1 dxe3 32.Nxe3 Ne6 33.Qc3 Nd4 34.Nd5 Rxe1+ 35.Qxe1 Qd8 36.Rc5 h6
37.h3 Rd7 38.Qe4 Nb5 39.Qe6+ Kh8 40.Nf4 Nd4 41.Ng6+ Kh7 42.Qxd7 Ne2+ 43.Kf2  1-0

[Event "ch-FRA Accession"]
[Site "Caen FRA"]
[Date "2011.08.26"]
[Round "10.8"]
[White "Crut,A"]
[Black "Castro,Joh"]
[Result "1-0"]
[WhiteElo "2317"]
[BlackElo "2189"]

1.e4 c5 2.Nf3 d6 3.Bb5+ Nc6 4.Bxc6+ bxc6 5.O-O e5 6.c3 f5 7.exf5 Nf6 8.d4 cxd4
9.cxd4 e4 10.Ng5 d5 11.f3 Be7 12.fxe4 dxe4 13.Nc3 O-O 14.Qb3+ Nd5 15.Ngxe4 Bxf5
16.Nxd5 cxd5 17.Nc3 Bf6 18.Be3 Bd3 19.Rf2 Bc4 20.Qc2 Rc8 21.Qd2 Rc6 22.Rd1 Re6
23.b3 Ba6 24.Rf5 Rd6 25.Bg5 Qc8 26.Rxd5 Rxd5 27.Nxd5 Bxg5 28.Qxg5 Qc2 29.Qc1 Qf2+
30.Kh1 Bb7 31.Ne7+ Kh8 32.d5 Ba6 33.Rg1 Bd3 34.Qe1 Qd4 35.Nc6 Qc5 36.Ne5 Qxd5
37.Nxd3 Qxd3 38.Qe7 Ra8 39.Re1 h6 40.h3 a6 41.Qe4 Qd8 42.b4 Rb8 43.a3 a5
44.Qc6 axb4 45.axb4 Qd3 46.Re8+ Rxe8 47.Qxe8+ Kh7 48.Qb8 g5 49.Kh2 h5 50.Qe5 Kg6
51.b5 g4 52.h4  1-0

[Event "XXVIII Collado Villalba Open"]
[Site "Collado Villalba ESP"]
[Date "2011.08.26"]
[Round "4"]
[White "Ramos Aldoradin,J"]
[Black "Camarero Izquierdo,J"]
[Result "1-0"]
[WhiteElo "2159"]
[BlackElo "1946"]

1.e4 c5 2.Nf3 d6 3.Bb5+ Bd7 4.Bxd7+ Qxd7 5.c4 g6 6.Nc3 Bg7 7.d4 cxd4 8.Nxd4 Nc6
9.Nde2 Nf6 10.O-O O-O 11.f3 Qe6 12.b3 Qe5 13.Rb1 Rad8 14.Be3 Rd7 15.Qc1 Rfd8
16.Nd5 h5 17.Bf4 Qe6 18.Qd2 h4 19.Bg5 h3 20.Nef4 Qe5 21.Nxh3 e6 22.Nxf6+ Bxf6
23.Bxf6 Qxf6 24.Qf4 Qd4+ 25.Nf2 Kg7 26.Rfd1 Qc5 27.Rd2 e5 28.Qg5 Nd4 29.Kf1 Ne6
30.Qg3 a5 31.Rbd1 Nf4 32.Nd3 Nxd3 33.Rxd3 b5 34.Rd5 Qa3 35.Rxb5 Qxa2 36.Qe1 Rh8
37.h3 Ra7 38.Rd2 Qa3 39.Qb1  1-0

[Event "11th Metropolitan Invitational"]
[Site "Los Angeles USA"]
[Date "2011.08.26"]
[Round "6"]
[White "Khachiyan,M"]
[Black "Matikozian,A"]
[Result "1/2-1/2"]
[WhiteElo "2505"]
[BlackElo "2451"]

1.e4 c5 2.Nf3 d6 3.Bb5+ Bd7 4.Bxd7+ Qxd7 5.O-O Nc6 6.c3 Nf6 7.d4 Nxe4 8.d5 Ne5
9.Re1 Nf6 10.Nxe5 dxe5 11.Rxe5 g6 12.c4 Bg7 13.Nc3 O-O 14.Bg5 h6 15.Bxf6 Bxf6  1/2-1/2

[Event "47th Rubinstein Mem GpA"]
[Site "Polanica Zdroj POL"]
[Date "2011.08.26"]
[Round "7"]
[White "Simacek,P"]
[Black "Tazbir,M"]
[Result "0-1"]
[WhiteElo "2470"]
[BlackElo "2520"]

1.e4 c5 2.Nf3 d6 3.Bb5+ Nd7 4.c3 Nf6 5.d3 a6 6.Ba4 g6 7.O-O Bg7 8.Re1 O-O
9.d4 b5 10.Bc2 e5 11.a4 Bb7 12.b3 exd4 13.cxd4 Re8 14.Nbd2 cxd4 15.Bb2 Ng4
16.Qb1 Qb6 17.Rf1 Rac8 18.a5 Qc5 19.Bd3 Qb4 20.Rd1 Nc5 21.Ne1 Ne6 22.Nc2 Qc5
23.b4 Qh5 24.Nf1 Qh4 25.g3 Qh3 26.f3 Ne5 27.Ne1 d5 28.Nd2 Nc4 29.exd5 Bxd5
30.Bf1 Qh5 31.Nd3 Nxd2 32.Rxd2 Ng5 33.Bg2 Nxf3+  0-1

[Event "31st Presolana Open"]
[Site "Presolana ITA"]
[Date "2011.08.26"]
[Round "7.15"]
[White "Pedzich,D"]
[Black "Brunello,M"]
[Result "1-0"]
[WhiteElo "2418"]
[BlackElo "2228"]

1.e4 c5 2.Nf3 d6 3.Bb5+ Bd7 4.Bxd7+ Qxd7 5.O-O Nc6 6.c3 Nf6 7.Re1 e6 8.d4 cxd4
9.cxd4 d5 10.e5 Ne4 11.a3 Be7 12.Qd3 f5 13.exf6 Bxf6 14.Nbd2 Nxd2 15.Bxd2 O-O
16.Re2 Rae8 17.Rae1 h6 18.b4 a6 19.Bf4 Bxd4 20.Nxd4 Rxf4 21.Nxe6 Rc4 22.f4 Rc8
23.f5 Qf7 24.Qxd5 Ne7 25.Qxb7 Nxf5 26.Qxa6 R4c6 27.Qa5 Qg6 28.Qd5 Kh7 29.Qxc6  1-0

[Event "3rd Senica Open"]
[Site "Senica SVK"]
[Date "2011.08.26"]
[Round "7.2"]
[White "Andreev,Ed UKR"]
[Black "Jasny,S"]
[Result "1-0"]
[WhiteElo "2458"]
[BlackElo "2366"]

1.e4 c5 2.Nf3 d6 3.Bb5+ Bd7 4.Bxd7+ Qxd7 5.O-O Nf6 6.e5 dxe5 7.Nxe5 Qc7 8.d4 e6
9.Bf4 Qb6 10.Nd2 cxd4 11.Ndc4 Qc5 12.c3 Nc6 13.cxd4 Qd5 14.Nxc6 Qxc4 15.Rc1 Qa6
16.Nb8 Qxa2 17.Rc8+ Ke7 18.Qc2 Nd5 19.Bd6+ Kf6 20.Nd7+  1-0

[Event "Trade Fair Open A"]
[Site "Brno CZE"]
[Date "2011.08.27"]
[Round "8"]
[White "Kozel,Miroslav"]
[Black "Hosek,Ma"]
[Result "0-1"]
[WhiteElo "1847"]
[BlackElo "1978"]

1.e4 c5 2.Nf3 d6 3.Bb5+ Nc6 4.Bxc6+ bxc6 5.h3 Ba6 6.d3 g6 7.c4 Bg7 8.O-O e6
9.Nc3 Ne7 10.Bd2 Rb8 11.Rb1 O-O 12.b3 Qd7 13.Ne2 f5 14.Nh2 Rbd8 15.f3 h6
16.Bc3 e5 17.Ba5 Rb8 18.Kh1 Kh7 19.Qc2 f4 20.Ng4 h5 21.Nf2 g5 22.Ng1 Ng8
23.Ne2 Nf6 24.Rg1 Rg8 25.Bd2 Bh6 26.g4 fxg3 27.Nxg3 Rbf8 28.Nf5 Bc8 29.Kh2 Ne8
30.Rg3 Rxf5 31.exf5 Qxf5 32.h4 gxh4 33.Rxg8 Bf4+ 34.Kg1 Kxg8 35.Bxf4 Qxf4
36.Qd1 Qg3+ 37.Kf1 h3 38.Ke2 h2 39.Qh1 d5 40.cxd5 cxd5 41.f4 e4 42.dxe4 Ba6+
43.Ke1 Qe3+ 44.Kd1 Qxf2 45.exd5 Bd3  0-1

[Event "4th Jessie Gilbert Open"]
[Site "Coulsdon ENG"]
[Date "2011.08.27"]
[Round "8"]
[White "Madan,A"]
[Black "Snape,I"]
[Result "1-0"]
[WhiteElo "2326"]
[BlackElo "2250"]

1.e4 c5 2.Nf3 d6 3.Bb5+ Nc6 4.Bxc6+ bxc6 5.O-O e5 6.c3 Nf6 7.Re1 Bg4 8.h3 Bh5
9.d3 Be7 10.Nbd2 O-O 11.Nf1 Bxf3 12.Qxf3 Ne8 13.Be3 Bf6 14.Nh2 Nc7 15.Ng4 Bg5
16.d4 cxd4 17.cxd4 Bxe3 18.Qxe3 exd4 19.Qxd4 Ne6 20.Qd2 h5 21.Ne3 Qg5 22.Rad1 Rfd8
23.Nf5 Nf4 24.g3 Nxh3+ 25.Kg2 Qxd2 26.Rxd2 Ng5 27.f4 Ne6 28.Ne7+ Kf8 29.Nxc6 Rd7
30.f5 Nd8 31.Ne5 Rc7 32.Nd3 Nb7 33.Nf4 Re8 34.Nxh5 Rc4 35.Kf3 Nc5 36.Rde2 Nd3
37.Rd1 Nc5 38.f6 gxf6 39.Nxf6 Re6 40.Nh7+ Kg7 41.Ng5 Re5 42.Rd5 Rcxe4 43.Nxe4 Rxd5
44.Nxc5 dxc5 45.Ke4 Rg5 46.Re3 Kf6 47.Ra3 Kg6 48.Kf4 Rf5+ 49.Ke3 Rg5 50.Kd2 f6
51.Rxa7 Rxg3 52.a4 Rb3 53.Kc2 c4 54.a5 Rb4 55.a6 Ra4 56.Ra8 Kf5 57.Kc3 Kf4
58.Kd4 f5 59.a7 Kf3 60.Rf8 Rxa7 61.Rxf5+ Kg4 62.Rf2 Rc7 63.Rc2 Kf5 64.Rxc4 Rb7
65.b4 Ke6 66.Kc5 Kd7 67.Rh4 Rc7+ 68.Kb6 Rc6+ 69.Kb7 Rc7+ 70.Ka6 Rc6+ 71.Kb5 Rg6
72.Re4 Rg8 73.Kb6 Rg6+ 74.Kb7 Rg5 75.Rd4+ Ke7 76.Ka6 Rg6+ 77.Ka5  1-0

[Event "XVI Seahorse Open A"]
[Site "Rewal POL"]
[Date "2011.08.27"]
[Round "8"]
[White "Strzemiecki,Z"]
[Black "Klim,K"]
[Result "1/2-1/2"]
[WhiteElo "2420"]
[BlackElo "2328"]

1.e4 c5 2.Nf3 d6 3.Bb5+ Nc6 4.d4 cxd4 5.Qxd4 e5 6.Qd3 h6 7.c4 Nf6 8.Nc3 a6
9.Bxc6+ bxc6 10.O-O Be6 11.Be3 Nd7 12.Nd2 Be7 13.b4 O-O 14.a4 Qb8 15.Rfb1 Bg5
16.b5 Bxe3 17.bxc6 Bxf2+ 18.Kxf2 Qa7+ 19.Qe3 Nc5 20.Nd5 Rfc8 21.Nb6 Rxc6
22.Nxa8 Nd3+  1/2-1/2

[Event "XVI Seahorse Open A"]
[Site "Rewal POL"]
[Date "2011.08.27"]
[Round "8"]
[White "Krupa,M"]
[Black "Ziaziulkina,N"]
[Result "1-0"]
[WhiteElo "2226"]
[BlackElo "2291"]

1.e4 c5 2.Nf3 d6 3.Bb5+ Nd7 4.O-O a6 5.Bxd7+ Bxd7 6.d4 cxd4 7.Qxd4 Rc8 8.Rd1 e5
9.Qd3 Qc7 10.Nc3 h6 11.Nd5 Qxc2 12.Qxc2 Rxc2 13.Nc3 Bg4 14.Rd3 Bxf3 15.gxf3 Nf6
16.Rb1 Nh5 17.Be3 Be7 18.Kf1 Nf4 19.Bxf4 exf4 20.Ne2 O-O 21.Nd4 Rc7 22.Nf5 Bf6
23.Rxd6 Kh7 24.Nd4 Rfc8 25.Rd1 Rc1 26.Rxc1 Rxc1+ 27.Kg2 Ra1 28.b3 Rxa2 29.Nf5 b5
30.Nxh6 Be5 31.Rd5 f6 32.Nf5 Ra3 33.Rd7 Rxb3 34.Rxg7+ Kh8 35.Ra7 Ra3 36.h4 b4
37.h5 Rc3 38.Rxa6 Rc8 39.Ne7 Rc5 40.Ng6+ Kg7 41.Nxe5 fxe5 42.Rb6 Rc4 43.Rb5 Kf6
44.h6 Rc6 45.h7 Kg7 46.Rb7+ Kh8 47.Kh3 Rc2 48.Kg4 Rxf2 49.Rxb4 Kxh7 50.Rb5 Rg2+
51.Kf5 Rf2 52.Rb3 Kh6 53.Kxe5 Kg5 54.Ke6 Kh4 55.Kf5 Kg3 56.e5 Rxf3 57.Rxf3+ Kxf3
58.e6 Kg3 59.e7 f3 60.e8=Q f2 61.Qe2 Kg2 62.Kg4 Kg1 63.Kg3 Kh1 64.Qf1+  1-0

[Event "3rd Senica Open"]
[Site "Senica SVK"]
[Date "2011.08.27"]
[Round "8.7"]
[White "Goossens,R"]
[Black "Pagerka,M"]
[Result "0-1"]
[WhiteElo "2079"]
[BlackElo "2223"]

1.e4 c5 2.Nf3 d6 3.Bb5+ Nd7 4.d4 cxd4 5.Qxd4 e5 6.Qd3 a6 7.Bxd7+ Bxd7 8.O-O h6
9.c4 Rc8 10.Nc3 Nf6 11.Rd1 Qc7 12.b3 b5 13.Nd5 Nxd5 14.cxd5 Qb7 15.Be3 Be7
16.Rac1 O-O 17.Nd2 f5 18.exf5 Bxf5 19.Ne4 Bh7 20.f3 Kh8 21.a4 b4 22.Rc6 Rxc6
23.dxc6 Qxc6 24.Rc1 Qa8 25.Rc7 Qd8 26.Rxe7 Qxe7 27.Qxa6 Bxe4 28.fxe4 Qh4  0-1

[Event "TCh-SUI 2011"]
[Site "Switzerland SUI"]
[Date "2011.08.27"]
[Round "6.6"]
[White "Drabke,L"]
[Black "Grandadam,N"]
[Result "0-1"]
[WhiteElo "2454"]
[BlackElo "2286"]

1.e4 c5 2.Nf3 d6 3.Bb5+ Bd7 4.Bxd7+ Qxd7 5.O-O Nc6 6.c3 Nf6 7.d4 Nxe4 8.d5 Ne5
9.Re1 Nxf3+ 10.Qxf3 Nf6 11.c4 e5 12.dxe6 fxe6 13.Bg5 Be7 14.Nc3 h6 15.Bh4 Rd8
16.Nb5 O-O 17.Nxa7 Nd5 18.Qg3 Bxh4 19.Qxh4 Rf4 20.Qh3 Rxc4 21.Qxe6+ Qxe6
22.Rxe6 Rb4 23.Rd1 Rxb2 24.h4 Kf7 25.Ree1 Nc3 26.Rd3 Ne2+ 27.Kf1 Nd4 28.a4 Rb4
29.Nb5 Nxb5 30.axb5 Rxb5 31.Rf3+ Kg8 32.Re7 Rf8 33.Rg3 Rf7 34.Re8+ Kh7 35.f3 Rc7
36.Rg4 c4  0-1

[Event "TCh-SUI 2011"]
[Site "Switzerland SUI"]
[Date "2011.08.27"]
[Round "6.7"]
[White "Szakolczai,P"]
[Black "Gruenenwald,J"]
[Result "1/2-1/2"]
[WhiteElo "2275"]
[BlackElo "2331"]

1.e4 c5 2.Nf3 d6 3.Bb5+ Bd7 4.Bxd7+ Nxd7 5.O-O Ngf6 6.Qe2 e6 7.c3 Be7 8.d4 O-O
9.Nbd2 cxd4 10.cxd4 Rc8 11.Rd1 a6 12.Nf1 d5 13.e5 Ne4 14.Ne1 h6 15.f3 Ng5
16.Ng3 Qb6 17.f4 Nh7 18.Nf3 f5 19.exf6 Nhxf6 20.Ne5 Qb5 21.Nxd7 Qxd7 22.Re1 Rc6
23.Bd2 Bd8 24.Bb4 Re8 25.Bc5 Bc7 26.Qf3 b6 27.Ba3 Rc4 28.Rad1 Bb8 29.Re2 Qc7
30.f5 Rc1 31.Rxe6 Rxd1+ 32.Qxd1 Qc4  1/2-1/2

[Event "City of Dublin IM"]
[Site "Dublin IRL"]
[Date "2011.08.28"]
[Round "6"]
[White "Mannion,S"]
[Black "Tate,A"]
[Result "1/2-1/2"]
[WhiteElo "2353"]
[BlackElo "2342"]

1.e4 c5 2.Nf3 d6 3.Bb5+ Bd7 4.Bxd7+ Qxd7 5.O-O Nf6 6.Re1 Nc6 7.c3 e6 8.d4 cxd4
9.cxd4 d5 10.exd5 Nxd5 11.Nc3 Be7 12.Ne4 O-O 13.Bg5 h6 14.Bxe7 Ndxe7 15.Nc5 Qd5  1/2-1/2

[Event "XXVIII Collado Villalba Open"]
[Site "Collado Villalba ESP"]
[Date "2011.08.29"]
[Round "7"]
[White "Fernandez Cardoso,A"]
[Black "Guerra Mendez,J"]
[Result "1/2-1/2"]
[WhiteElo "2450"]
[BlackElo "2450"]

1.e4 c5 2.Nf3 d6 3.Bb5+ Bd7 4.Bxd7+ Qxd7 5.O-O Nf6 6.Qe2 Nc6 7.c3 e6 8.d4 cxd4
9.cxd4 d5 10.e5 Ne4 11.Be3 Be7 12.Rc1 O-O 13.Nc3 Nxc3 14.Rxc3 Rac8 15.Rac1 Nb4
16.a3 Rxc3 17.Rxc3 Nc6 18.Qc2 a6 19.Bg5 Rc8 20.Bxe7 Nxe7 21.Rxc8+ Qxc8 22.Qxc8+ Nxc8
23.Kf1 Kf8  1/2-1/2

[Event "City of Dublin IM"]
[Site "Dublin IRL"]
[Date "2011.08.29"]
[Round "8"]
[White "Makepeace,P"]
[Black "Delaney,J"]
[Result "0-1"]
[WhiteElo "2104"]
[BlackElo "2224"]

1.e4 c5 2.Nf3 d6 3.Bb5+ Bd7 4.Bxd7+ Qxd7 5.O-O Nc6 6.Qe2 e6 7.Rd1 Nf6 8.d4 cxd4
9.Nxd4 Be7 10.Bg5 a6 11.Nxc6 Qxc6 12.Nc3 Qc5 13.Be3 Qc7 14.a4 Nd7 15.Bd4 Bf6
16.Qd2 Ne5 17.Bxe5 Bxe5 18.Ra3 O-O 19.Rb3 Qc6 20.f3 Rac8 21.Qd3 g6 22.g3 Rfd8
23.Kg2 Bxc3 24.bxc3 d5 25.e5 Rd7 26.Qd4 Qc4 27.Qxc4 Rxc4 28.Ra3 Rdc7 29.Rd3 f6
30.exf6 Kf7 31.Kf2 Kxf6 32.Ke2 Ke5 33.Kd2 h5 34.Re3+ Kf5 35.Rd3 h4 36.Rd4 g5
37.Kd3 Ke5 38.Rb3 hxg3 39.hxg3 Kf5 40.Ra3 R7c5 41.a5 e5 42.Rxc4 Rxc4 43.Rb3 g4
44.fxg4+ Rxg4 45.Rxb7 Rxg3+ 46.Kd2 Rg2+ 47.Kd3 e4+ 48.Kd4 Rd2+ 49.Kc5 e3
50.Re7 Kf4 51.c4 d4 52.Kd5 Kf3 53.c5 e2 54.c6 Rxc2 55.Kxd4 Rxc6 56.Kd3 Rd6+
57.Kc2 Rd1 58.Rf7+ Kg4 59.Rg7+  0-1

[Event "FIDE World Cup 2011"]
[Site "Khanty-Mansiysk RUS"]
[Date "2011.08.29"]
[Round "1.2"]
[White "Adams,Mi"]
[Black "Paragua,M"]
[Result "1/2-1/2"]
[WhiteElo "2715"]
[BlackElo "2545"]

1.e4 c5 2.Nf3 d6 3.Bb5+ Nd7 4.d4 cxd4 5.Qxd4 a6 6.Bxd7+ Bxd7 7.O-O Rc8 8.a4 Nf6
9.c4 g6 10.Nc3 Bg7 11.Be3 Bg4 12.Nd2 O-O 13.Qd3 Nd7 14.f4 Nc5 15.Qc2 Bd7
16.f5 b5 17.axb5 axb5 18.cxb5 e6 19.fxg6 hxg6 20.Rfd1 d5 21.exd5 exd5 22.Bxc5 Bf5
23.Nde4 Rxc5 24.Qf2 Rc4 25.Ng3 Be6 26.Rd3 d4 27.Rad1 Qb6 28.Nce4 Bd5 29.Nc3 Bb7
30.h3 f5 31.Nge2 Rd8 32.Kh1 Rb4 33.R3d2 Rd6 34.Qg3 Re6 35.Na2 Re3 36.Qh4 Rbb3
37.Ng1 Rxb5 38.Nc3 Rxb2 39.Rxb2 Qxb2 40.Qd8+ Kh7 41.Nd5 Qf2 42.Nxe3 dxe3
43.Qg5 e2 44.Nxe2 Qxe2 45.Qh4+ Qh5 46.Qxh5+ gxh5 47.Rd6 h4 48.Kg1 Be4 49.Kh1 Be5
50.Re6 Bc3 51.Kh2 Be1 52.Kg1 Kg7 53.Kf1 Bg3 54.Kg1 Bf4 55.Ra6 Be5 56.Kh1 Bf6
57.Kh2 Be5+ 58.Kh1 Kf7 59.Kg1 Ke7 60.Kh1 Bd6 61.Ra7+ Ke6 62.Ra5 Bd5 63.Ra4 Bg3
64.Kg1 Ke5 65.Rb4 Be1 66.Ra4 Be4 67.Kh2 Kf4 68.Ra3 Bf2 69.Kh1 Ke5 70.Ra4 Kd5
71.Ra2 Be1 72.Ra4 Bd3 73.Kg1 Bc4 74.Ra1 Bc3 75.Ra3 Bd4+ 76.Kh2 Ke4 77.Kh1 Bd3
78.Ra4 Ke3 79.Kg1 Bc2 80.Ra2 Kd2+ 81.Kh1 Kd1 82.Kh2 Be5+ 83.Kg1 Be4 84.Ra4 Ke1
85.Rb4 Bd6 86.Ra4 Bc5+ 87.Kh2 Bf2 88.Ra1+ Ke2 89.Kh1 Be3 90.Kh2 Bf4+ 91.Kg1 Bd2
92.Ra2 f4 93.Ra1 Bd5 94.Kh2 Bc4 95.Ra4 Bb3 96.Ra3 Bd5 97.Ra1 f3 98.gxf3 Kf2
99.Ra4 Bc3 100.f4 Kf1 101.Ra6 Bd2 102.Ra1+ Kf2 103.Ra4 Bb3 104.Rd4 Be3 105.Rb4 Be6
106.f5 Bxf5 107.Rxh4 Bd3 108.Rg4 Bf5 109.Ra4 Bd7 110.Ra2+ Kf3 111.Ra3  1/2-1/2

[Event "XXVIII Collado Villalba Open"]
[Site "Collado Villalba ESP"]
[Date "2011.08.30"]
[Round "8"]
[White "Ramos Aldoradin,J"]
[Black "Sanchez Gonzalez,S"]
[Result "1/2-1/2"]
[WhiteElo "2159"]
[BlackElo "2302"]

1.e4 c5 2.Nf3 d6 3.Bb5+ Nc6 4.Bxc6+ bxc6 5.O-O e5 6.c3 Bg4 7.d3 Nf6 8.Nbd2 Be7
9.Re1 O-O 10.h3 Bh5 11.Qa4 Qc7 12.d4 cxd4 13.cxd4 Nd7 14.dxe5 dxe5 15.g4 Bg6
16.Nc4 f6 17.Nh4 Nb6 18.Qc2 Nxc4 19.Nxg6 hxg6 20.Qxc4+ Kh7 21.Be3 Rab8 22.b3 f5
23.f3 fxg4 24.hxg4 Bh4 25.Rf1 Qd6 26.Rad1 Qf6 27.Kg2 Rbd8 28.Rxd8 Rxd8 29.Rh1 g5
30.Qe2 Rd7 31.Rd1 Qd8 32.Rxd7 Qxd7 33.Qd2 Qe7 34.b4 a6 35.a4 Qe6 36.Bxg5 Bxg5
37.Qxg5 Qa2+ 38.Kg3 Qa1  1/2-1/2

[Event "Lyudmila Rudenko Mem"]
[Site "St Petersburg RUS"]
[Date "2011.08.30"]
[Round "8"]
[White "Tomilova,E"]
[Black "Severiukhina,Z"]
[Result "1-0"]
[WhiteElo "2317"]
[BlackElo "2270"]

1.e4 c5 2.Nf3 d6 3.Bb5+ Bd7 4.Bxd7+ Qxd7 5.O-O Nc6 6.c3 Nf6 7.Re1 e6 8.d4 cxd4
9.cxd4 d5 10.e5 Ne4 11.Nbd2 Nxd2 12.Bxd2 Be7 13.Rc1 O-O 14.Rc3 Rfc8 15.a3 b5
16.Rd3 Qd8 17.h4 h6 18.Nh2 Bxh4 19.Qh5 Bg5 20.f4 Be7 21.Ng4 Kf8 22.f5 exf5
23.Qxf5 Bg5 24.e6 Rc7 25.exf7 Rxf7 26.Qh7 Re7 27.Rxe7 Bxe7 28.Qg6 Qe8 29.Rf3+ Bf6
30.Qh7 Qe4 31.Rxf6+  1-0

[Event "10th Sunny Beach Open"]
[Site "Sunny Beach BUL"]
[Date "2011.08.30"]
[Round "4.4"]
[White "Spasov,V"]
[Black "Galicek,S"]
[Result "1-0"]
[WhiteElo "2591"]
[BlackElo "2155"]

1.e4 c5 2.Nf3 d6 3.Bb5+ Bd7 4.Bxd7+ Qxd7 5.c4 Nf6 6.Nc3 g6 7.d4 cxd4 8.Nxd4 Bg7
9.h3 O-O 10.Be3 Nc6 11.O-O Qd8 12.Rc1 a6 13.b3 Qa5 14.Re1 Rfe8 15.Nxc6 bxc6
16.c5 Rad8 17.cxd6 exd6 18.Bd4 c5 19.Bxf6 Bxf6 20.Nd5 Bd4 21.Re2 Ra8 22.Rc4 Qd8
23.Rxd4 cxd4 24.Qxd4 Re6 25.Re3 h5 26.Rf3 Rc8 27.Nf6+ Kf8 28.Kh2 Rc2 29.a4 a5
30.Nxh5 gxh5 31.Qh8+ Ke7 32.Rxf7+ Kxf7 33.Qxd8 Rxf2 34.Qh4 Rff6 35.Qxh5+ Ke7
36.Qxa5 Rxe4 37.Qc7+ Ke6 38.a5 Rf7 39.Qc8+ Kd5 40.a6 Ra7 41.Qf5+ Re5 42.Qd3+ Kc6
43.b4 Rb5 44.Qc4+ Kb6 45.Qd4+ Kxa6 46.Qxd6+ Rb6 47.Qd3+ Rb5 48.Qa3+ Kb6 49.Qe3+ Ka6
50.Qe6+ Rb6 51.Qc4+ Rb5 52.h4 Rb7 53.Kh3 Ka7 54.Qd4+ Kb8 55.g4 Rxb4 56.Qe5+ Kc8
57.h5 R4b6 58.Qe8+ Kc7 59.Kh4 Rc6 60.Qe7+ Kb8 61.Qf8+ Ka7 62.h6 Rb1 63.Kh5 Rb5+  1-0

[Event "10th Sunny Beach Open"]
[Site "Sunny Beach BUL"]
[Date "2011.08.31"]
[Round "5.4"]
[White "Quillan,G"]
[Black "Vasilev,M"]
[Result "1/2-1/2"]
[WhiteElo "2398"]
[BlackElo "2481"]

1.e4 c5 2.Nf3 d6 3.Bb5+ Nd7 4.d4 Nf6 5.O-O a6 6.Bxd7+ Nxd7 7.Re1 e6 8.Bg5 Qc7
9.Nc3 cxd4 10.Qxd4 Ne5 11.Nxe5 dxe5 12.Qd3 Bd7 13.Qg3 f6 14.Be3 Bc6 15.a3 b5
16.Rad1 a5 17.Qg4 Kf7 18.Qh5+ g6 19.Qe2 Qb7 20.f3 Be7 21.Qf2 Rhc8 22.Qh4 h5
23.Na2 b4 24.axb4 axb4 25.Nc1 Ba4 26.b3 Bb5 27.Rd2 Rc3 28.Kh1 Qc6 29.g4 Rh8
30.gxh5 Rxh5 31.Qf2 f5 32.Qg2 f4 33.Ba7 Qc7 34.Bg1 Qc8 35.Red1 Qh8 36.Nd3 Rg5
37.Qe2 Qh3 38.Ba7 Bf6 39.Rg1 Rxg1+ 40.Kxg1 Qh5 41.Qf2 g5 42.Bc5 g4 43.Bxb4 Rc8
44.c4 Bc6 45.Qa7+ Kg6 46.Rg2 Ra8 47.Qc7 Ra1+ 48.Ne1 Bxe4 49.fxe4 Qh4 50.Rf2 g3
51.Rg2 Bg5 52.Qxe5 gxh2+ 53.Kh1 Rxe1+ 54.Bxe1 Qxe1+ 55.Kxh2 Qh4+ 56.Kg1 Qe1+  1/2-1/2

[Event "FIDE World Cup 2011"]
[Site "Khanty-Mansiysk RUS"]
[Date "2011.09.01"]
[Round "2.2"]
[White "Bruzon Batista,L"]
[Black "Vallejo Pons,F"]
[Result "0-1"]
[WhiteElo "2673"]
[BlackElo "2724"]

1.e4 c5 2.Nf3 d6 3.Bb5+ Nc6 4.O-O Bd7 5.Re1 Nf6 6.h3 Ne5 7.a4 a6 8.Bxd7+ Nfxd7
9.Nxe5 Nxe5 10.d3 g6 11.Nd2 Nc6 12.c3 Bg7 13.f4 b5 14.Nf3 O-O 15.d4 b4 16.Be3 bxc3
17.bxc3 Na5 18.e5 cxd4 19.cxd4 Qd7 20.Bf2 Qf5 21.Bg3 Rfc8 22.Kh2 Nc4 23.Rb1 Rab8
24.Rxb8 Rxb8 25.exd6 exd6 26.Qe2 d5 27.Nh4 Qe4 28.f5 Re8 29.Qxe4 dxe4 30.d5 Be5
31.Bxe5 Rxe5 32.g4 Kg7 33.Kg3 e3 34.fxg6 hxg6 35.Ng2 Rxd5 36.Nxe3 Rd3 37.Kf2 Nd6
38.h4 Ra3 39.Rd1 Ne4+ 40.Kf3 Rxa4 41.Rd5 Nf6 42.Rd6 Ra3 43.Kf4 Ra2 44.Kf3 Rf2+
45.Kxf2 Ne4+ 46.Kf3 Nxd6 47.Kf4 f6 48.g5 fxg5+ 49.hxg5 Nf7 50.Nd5 a5 51.Ke3 Nxg5
52.Nf4 Nf7 53.Nd5 g5 54.Kd4 Nd8 55.Kc4 Kg6 56.Ne3 Kh5 57.Kd5 g4 58.Nf5 Kg5
59.Ke4 a4 60.Nd4 a3  0-1

[Event "Maria Albulet Mem"]
[Site "Braila ROU"]
[Date "2011.09.02"]
[Round "5"]
[White "Bulmaga,I"]
[Black "Fakhiridou,E"]
[Result "1-0"]
[WhiteElo "2293"]
[BlackElo "2183"]

1.e4 c5 2.Nf3 d6 3.Bb5+ Bd7 4.Bxd7+ Qxd7 5.c4 Nf6 6.Nc3 g6 7.d4 cxd4 8.Nxd4 Bg7
9.f3 O-O 10.Be3 Nc6 11.O-O Rac8 12.b3 Rfd8 13.Rc1 e6 14.Nxc6 bxc6 15.Qe2 e5
16.Qf2 Qb7 17.Rfd1 Rd7 18.Rc2 Ne8 19.Rcd2 f5 20.exf5 gxf5 21.f4 e4 22.Ne2 Bf8
23.Nd4 Ng7 24.Qg3 Kh8 25.Qh3 Rf7 26.Ne2 c5 27.Rd5 Re8 28.Bc1 Qa6 29.Bb2 Qxa2
30.R5d2 Qa6 31.Ng3 Qc8 32.Nh5 e3 33.Re2 Qe6 34.Rd3 Qg6 35.Rdxe3 Rxe3 36.Rxe3 Kg8
37.Nxg7 Bxg7 38.Bxg7 Rxg7 39.Qf3 h6 40.Qd5+ Kh7 41.h3 Qf6 42.Re6 Qa1+ 43.Kh2 Qb1
44.Qxd6 Qb2 45.Rxh6+ Kg8 46.Qd8+ Kf7 47.Qd7+  1-0

[Event "TCh-POL Ekstraliga"]
[Site "Miedzybrodzie-Zywiec POL"]
[Date "2011.09.02"]
[Round "4.2"]
[White "Stoma,P"]
[Black "Kempinski,R"]
[Result "0-1"]
[WhiteElo "2326"]
[BlackElo "2593"]

1.e4 c5 2.Nf3 d6 3.Bb5+ Nd7 4.O-O a6 5.Bxd7+ Bxd7 6.d4 cxd4 7.Qxd4 Rc8 8.Nc3 e5
9.Qd3 h6 10.a4 Nf6 11.Rd1 Be7 12.Nh4 O-O 13.a5 Qc7 14.Be3 Qc4 15.Nf5 Bxf5
16.exf5 Qxd3 17.Rxd3 Rc4 18.f3 Rfc8 19.Rd2 R8c6 20.Ra4 Kf8 21.g4 Ke8 22.Kg2 Kd7
23.h4 Bd8 24.Ra1 h5 25.g5 Ng8 26.Bb6 Bxb6 27.axb6 Ne7 28.f6 gxf6 29.gxf6 Nf5
30.Re1 Nxh4+ 31.Kf2 Ke6  0-1

[Event "Maria Albulet Mem"]
[Site "Braila ROU"]
[Date "2011.09.03"]
[Round "6"]
[White "Ionescu,I"]
[Black "Uta,Ad"]
[Result "1-0"]
[WhiteElo "2245"]
[BlackElo "2099"]

1.e4 c5 2.Nf3 d6 3.Bb5+ Bd7 4.a4 Nc6 5.O-O a6 6.Bxc6 Bxc6 7.Re1 e5 8.c3 g6
9.d4 Bg7 10.dxc5 dxc5 11.Qxd8+ Rxd8 12.Nbd2 b5 13.axb5 axb5 14.Ra6 Ne7 15.Nb3 c4
16.Na5 Ra8 17.Rxc6 Rxa5 18.Rc5 f6 19.Nd2 Kf7 20.Nxc4 Ra1 21.Rxb5 Bh6 22.Bd2 Rha8
23.Kf1 Rxe1+ 24.Kxe1 Ra1+ 25.Ke2 Bxd2 26.Kxd2 Rh1 27.h3 Rh2 28.Ne3 f5 29.exf5 gxf5
30.Rxe5 f4 31.Nd5 Nxd5 32.Rxd5 Ke6 33.Rh5 f3 34.gxf3 Rxf2+ 35.Kc1  1-0

[Event "FSIM September"]
[Site "Budapest HUN"]
[Date "2011.09.03"]
[Round "1"]
[White "Heredia Serrano,C"]
[Black "Szalanczy,E"]
[Result "0-1"]
[WhiteElo "2090"]
[BlackElo "2347"]

1.e4 c5 2.Nf3 d6 3.Bb5+ Nd7 4.d4 Nf6 5.Nc3 cxd4 6.Qxd4 e5 7.Qd3 h6 8.Be3 Be7
9.O-O O-O 10.Bc4 Nb8 11.Nh4 d5 12.exd5 e4 13.Qd2 Ng4 14.Ng6 Bd6 15.Nf4 Bf5
16.Nb5 Be5 17.h3 Nxe3 18.fxe3 Nc6 19.Rad1 Na5 20.Be2 Rc8 21.c3 a6 22.Nd4 Bh7
23.Nb3 b5 24.d6 Nc4 25.Bxc4 bxc4 26.d7 Rb8 27.Nc1 Bc7 28.Nd5 Be5 29.Ne2 Kh8
30.Nb4 Qb6 31.Nd4 a5 32.Nbc6 Bxd4 33.Nxd4 Rbd8 34.Ne2 f6  0-1

[Event "VII Ugra Governor's Cup"]
[Site "Khanty-Mansiysk RUS"]
[Date "2011.09.04"]
[Round "5"]
[White "Vokarev,S"]
[Black "Samdanov,S"]
[Result "1-0"]
[WhiteElo "2431"]
[BlackElo "2188"]

1.e4 c5 2.Nf3 d6 3.Bb5+ Nd7 4.d4 cxd4 5.Qxd4 a6 6.Bxd7+ Bxd7 7.c4 b5 8.Nc3 Rc8
9.cxb5 axb5 10.O-O e6 11.Rd1 Rc4 12.Qd3 Qb8 13.Ne5 Rc5 14.Nxd7 Kxd7 15.a4 b4
16.Nb5 Nf6 17.Bf4 e5 18.Be3 Rc6 19.Rac1 Rxc1 20.Rxc1 Be7 21.Rc7+  1-0

[Event "Yuzhny Open"]
[Site "Yuzhny UKR"]
[Date "2011.09.05"]
[Round "4.8"]
[White "Gubanov,O"]
[Black "Dzupin,D"]
[Result "1-0"]
[WhiteElo "2361"]
[BlackElo "2230"]

1.e4 c5 2.Nf3 d6 3.Bb5+ Bd7 4.Bxd7+ Qxd7 5.c4 Nc6 6.d4 cxd4 7.Nxd4 Nf6 8.Nc3 g6
9.f3 Bg7 10.Be3 O-O 11.Rc1 Rfc8 12.b3 Ne8 13.Nde2 Ne5 14.O-O Nc7 15.h3 Qd8
16.Qd2 Nd7 17.f4 b6 18.Nd4 Qe8 19.Nd5 Nc5 20.Qc2 e6 21.Nc3 d5 22.e5 dxc4
23.bxc4 Bf8 24.Kh1 Rd8 25.Nf3 N7a6 26.Ng5 Rd3 27.Bxc5 Nxc5 28.Nce4 Qc6  1-0